| 000 | 01282cam a22003251i 4500 | ||
|---|---|---|---|
| 003 | SA-RiAUC | ||
| 005 | 20250929121240.0 | ||
| 008 | 250928s1984 su g b 00000 ara c | ||
| 040 |
_aSA-JeALM _bara _cSA-RiAUC _erda |
||
| 050 | 4 | _b.S24 1984 | |
| 082 | 0 | 4 |
_a658.5 _qSA-RiAUC |
| 090 |
_a658.5 _bس ف ر |
||
| 100 | 1 |
_aسفر، محمود محمد، _d1358-1444 هجري _eمؤلف. |
|
| 245 | 1 | 0 |
_aإنتاجية مجتمع / _cمحمود محمد سفر. |
| 250 | _aالطبعة الأولى. | ||
| 264 | 1 |
_aجدة، السعودية : _bتهامة للنشر، _c1984 |
|
| 300 |
_a261 صفحة ؛ _c22 سم. |
||
| 336 |
_aنص _btxt _2rdacontent _3كتاب |
||
| 337 |
_aبدون وسيط _bn _2rdamedia |
||
| 490 | 1 |
_aالكتاب العربي السعودي ؛ _v107 |
|
| 500 | _aختم اهداء من شركة تهامة للنشر | ||
| 504 | _aببليوجرافية : صفحة 237-261. | ||
| 650 | 7 |
_aالإنتاج _xجوانب اجتماعية _2aucsh |
|
| 650 | 7 |
_aالكفاية الإنتاجية _2aucsh |
|
| 650 | 7 |
_aتخطيط الإنتاج _2aucsh |
|
| 650 | 7 |
_aالإنتاج _xجوانب اجتماعية _2aucsh |
|
| 830 | 2 |
_aالكتاب العربي السعودي _v107 |
|
| 942 |
_2ddc _cBOOK _n0 |
||
| 949 |
_aSA-JeALM _d250928 _uosman123 _n1 |
||
| 999 |
_c12200 _d12200 |
||